Top 500 Baby Girl Names in 2006 (United States) - Statistics

General Stats
  • This quiz has been taken 135 times
  • The average score is 247 of 500
Answer Stats
Hint Answer % Correct
254 Alivia
97%
7 Olivia
97%
144 Ana
95%
22 Anna
95%
326 Eliza
93%
497 Elisabeth
91%
11 Elizabeth
91%
80 Mary
91%
83 Amelia
90%
5 Ava
90%
21 Ella
90%
420 Emilia
90%
46 Maria
90%
16 Grace
88%
72 Sara
88%
15 Sarah
88%
2 Emma
86%
268 Hanna
86%
8 Hannah
86%
87 Isabel
84%
84 Isabelle
84%
31 Julia
84%
309 Emely
83%
375 Emilee
83%
491 Emilie
83%
1 Emily
83%
298 Julie
83%
55 Sofia
83%
9 Sophia
83%
187 Elena
81%
122 Eva
81%
468 Isabela
81%
4 Isabella
81%
293 Izabella
81%
51 Jennifer
81%
372 Kristen
81%
172 Laura
81%
393 Rachael
81%
48 Rachel
81%
10 Samantha
81%
121 Catherine
79%
120 Diana
79%
65 Evelyn
79%
458 Hailee
79%
25 Hailey
79%
75 Haley
79%
247 Haylee
79%
305 Hayley
79%
427 Haylie
79%
32 Jessica
79%
37 Katherine
79%
143 Kathryn
79%
24 Lauren
79%
429 Lauryn
79%
160 Margaret
79%
343 Rose
79%
54 Zoe
79%
119 Zoey
79%
128 Amy
78%
341 Ashlee
78%
12 Ashley
78%
158 Christina
78%
495 Cristina
78%
403 Kristina
78%
488 Lillie
78%
150 Lilly
78%
33 Lily
78%
404 Maddison
78%
3 Madison
78%
414 Madisyn
78%
409 Madyson
78%
17 Natalie
78%
398 Nataly
78%
245 Nora
78%
27 Victoria
78%
39 Alexa
76%
100 Amanda
76%
125 Charlotte
76%
359 Madalyn
76%
337 Madeleine
76%
113 Madelyn
76%
435 Madilyn
76%
124 Sophie
76%
23 Taylor
76%
18 Chloe
74%
481 Elle
74%
477 Jane
74%
68 Leah
74%
13 Mia
74%
105 Molly
74%
490 Abbigail
72%
6 Abigail
72%
382 Alice
72%
159 Angel
72%
175 Ellie
72%
198 Hope
72%
142 Kate
72%
153 Lucy
72%
85 Melanie
72%
464 Melany
72%
96 Rebecca
72%
267 Rebekah
72%
395 Annie
71%
89 Caroline
71%
106 Katie
71%
58 Kimberly
71%
117 Melissa
71%
70 Stephanie
71%
28 Addison
69%
373 Addyson
69%
40 Alexandra
69%
229 Allie
69%
59 Andrea
69%
181 Bella
69%
231 Clara
69%
394 Rosa
69%
137 Ruby
69%
78 Ariana
67%
76 Arianna
67%
126 Breanna
67%
123 Briana
67%
20 Brianna
67%
422 Bryanna
67%
384 Cora
67%
103 Gracie
67%
346 Holly
67%
182 Jasmin
67%
29 Jasmine
67%
155 Jazmin
67%
227 Jazmine
67%
221 Josephine
67%
71 Madeline
67%
14 Alexis
66%
272 Alison
66%
47 Allison
66%
259 Allyson
66%
472 Alyson
66%
209 Caitlin
66%
200 Caitlyn
66%
436 Christine
66%
86 Claire
66%
62 Faith
66%
347 Helen
66%
344 Kaitlin
66%
41 Kaitlyn
66%
61 Katelyn
66%
273 Katelynn
66%
74 Nicole
66%
411 Patricia
66%
56 Riley
66%
135 Rylee
66%
328 Ryleigh
66%
319 Rylie
66%
260 Violet
66%
114 Angela
64%
69 Audrey
64%
243 Bethany
64%
474 Britney
64%
320 Brittany
64%
499 Carla
64%
109 Gabriela
64%
50 Gabriella
64%
335 Ivy
64%
208 Karla
64%
440 Lilian
64%
38 Lillian
64%
451 Linda
64%
79 Vanessa
64%
376 Alissa
62%
19 Alyssa
62%
457 Anne
62%
219 Cassandra
62%
149 Daisy
62%
270 Eleanor
62%
274 Georgia
62%
98 Gianna
62%
88 Jenna
62%
417 Kassandra
62%
26 Kayla
62%
500 Lisa
62%
60 Megan
62%
322 Meghan
62%
364 Ruth
62%
164 Alicia
60%
136 Amber
60%
49 Angelina
60%
52 Avery
60%
282 Kara
60%
212 Kelly
60%
428 Kiley
60%
146 Kylee
60%
358 Kyleigh
60%
67 Kylie
60%
211 Veronica
60%
147 Alexandria
59%
111 Jade
59%
256 Joanna
59%
378 Johanna
59%
236 Laila
59%
101 Layla
59%
285 Leila
59%
53 Mackenzie
59%
197 Makenzie
59%
57 Maya
59%
166 Mckenzie
59%
81 Michelle
59%
1020 Mya
59%
94 Natalia
59%
250 Alaina
57%
271 Alayna
57%
425 Aubree
57%
93 Aubrey
57%
112 Bailey
57%
470 Baylee
57%
191 Courtney
57%
445 Elaina
57%
131 Erin
57%
63 Gabrielle
57%
97 Jordan
57%
178 Jordyn
57%
189 Maggie
57%
45 Makayla
57%
332 Michaela
57%
154 Mikayla
57%
276 Nina
57%
66 Brooklyn
55%
237 Brooklynn
55%
280 Carolina
55%
333 Fiona
55%
369 Iris
55%
258 Kailey
55%
489 Kaleigh
55%
42 Kaylee
55%
266 Kayleigh
55%
281 Kaylie
55%
363 Sandra
55%
242 Stella
55%
152 Summer
55%
317 April
53%
44 Brooke
53%
116 Danielle
53%
220 Erica
53%
238 Erika
53%
162 Juliana
53%
194 Julianna
53%
483 Lena
53%
35 Morgan
53%
482 Penelope
53%
224 Vivian
53%
207 Annabelle
52%
252 Carly
52%
287 Esther
52%
339 Heather
52%
412 Lana
52%
299 Melody
52%
129 Naomi
52%
205 Abby
50%
206 Angelica
50%
202 Ariel
50%
132 Daniela
50%
311 Daniella
50%
295 Josie
50%
173 Karen
50%
329 Lila
50%
130 Lydia
50%
139 Miranda
50%
145 Skylar
50%
316 Skyler
50%
167 Alana
48%
475 Alanna
48%
95 Autumn
48%
36 Destiny
48%
248 Monica
48%
230 Savanna
48%
30 Savannah
48%
177 Sienna
48%
127 Valerie
48%
423 Francesca
47%
450 Gloria
47%
118 Jacqueline
47%
279 Lola
47%
297 Scarlett
47%
210 Tiffany
47%
304 Callie
45%
291 Cameron
45%
306 Camille
45%
216 Camryn
45%
239 Cynthia
45%
277 Kamryn
45%
365 Phoebe
45%
157 Sadie
45%
140 Sierra
45%
371 Kathleen
43%
82 Mariah
43%
325 Nancy
43%
426 Sidney
43%
34 Sydney
43%
463 Tara
43%
90 Aaliyah
41%
107 Adriana
41%
179 Adrianna
41%
165 Alexia
41%
235 Aliyah
41%
307 Aurora
41%
257 Carmen
41%
213 Ciara
41%
201 Crystal
41%
241 Jamie
41%
476 Jenny
41%
174 Jillian
41%
110 Keira
41%
301 Kiera
41%
249 Kira
41%
195 Kyra
41%
263 Lindsay
41%
186 Lindsey
41%
77 Paige
41%
246 Piper
41%
196 Sabrina
41%
413 Casey
40%
264 Cecilia
40%
192 Chelsea
40%
397 Dana
40%
465 Hazel
40%
356 Natasha
40%
240 Brenda
38%
460 Brielle
38%
180 Camila
38%
92 Jada
38%
296 Jayda
38%
73 Jocelyn
38%
314 Joselyn
38%
148 Kendall
38%
244 Kendra
38%
345 Lexi
38%
188 Nadia
38%
43 Nevaeh
38%
455 Noelle
38%
261 Paris
38%
396 Serena
38%
357 Shannon
38%
251 Tessa
38%
183 Bianca
36%
199 Cassidy
36%
368 Cindy
36%
218 Elise
36%
454 Kassidy
36%
232 Makenna
36%
217 Mckenna
36%
163 Payton
36%
138 Peyton
36%
438 Raegan
36%
156 Reagan
36%
415 Sage
36%
284 Selena
36%
278 Eliana
34%
294 Heidi
34%
185 Kelsey
34%
151 Liliana
34%
447 Lilliana
34%
338 Lucia
34%
408 Marina
34%
350 Bridget
33%
469 Clarissa
33%
388 Harley
33%
115 Kennedy
33%
108 Leslie
33%
419 Lesly
33%
480 Macie
33%
275 Macy
33%
64 Trinity
33%
441 Valentina
33%
355 Wendy
33%
300 Desiree
31%
318 Eden
31%
366 Genevieve
31%
340 Harmony
31%
379 Katrina
31%
448 Lacey
31%
176 Mariana
31%
498 Marisa
31%
104 Marissa
31%
133 Shelby
31%
362 Talia
31%
141 Ashlyn
29%
292 Ashlynn
29%
161 Reese
29%
134 Serenity
29%
478 Tiana
29%
91 Valeria
29%
467 Adeline
28%
354 Alina
28%
289 Anastasia
28%
190 Dakota
28%
168 Giselle
28%
494 Hadley
28%
303 Jaden
28%
288 Jadyn
28%
466 Jaiden
28%
203 Jayden
28%
407 Kirsten
28%
204 Kyla
28%
234 Mallory
28%
416 Marley
28%
327 Celeste
26%
312 Meredith
26%
286 Miriam
26%
459 Ryan
26%
233 Alejandra
24%
401 Brynn
24%
342 Claudia
24%
169 Genesis
24%
492 Halle
24%
418 Hayden
24%
253 Heaven
24%
351 London
24%
381 Nia
24%
431 Skye
24%
215 Amaya
22%
473 Amya
22%
387 Angie
22%
265 Ayla
22%
170 Cheyenne
22%
308 Emerson
22%
390 Janelle
22%
430 Teagan
22%
452 Tori
22%
324 Yasmin
22%
380 Denise
21%
471 Jimena
21%
433 Logan
21%
336 Sasha
21%
449 Viviana
21%
392 Ximena
21%
456 Ainsley
19%
214 Cadence
19%
228 Fatima
19%
391 Kadence
19%
226 Karina
19%
360 Kaydence
19%
184 Kiara
19%
374 Priscilla
19%
434 Raven
19%
361 Alessandra
17%
193 Delaney
17%
223 Esmeralda
17%
453 Hallie
17%
406 Malia
17%
352 Presley
17%
99 Jayla
16%
400 Kiana
16%
485 Anika
14%
334 Annika
14%
410 Anya
14%
310 Leilani
14%
389 Nyla
14%
443 Sarai
14%
484 Anaya
12%
262 Aniya
12%
222 Aniyah
12%
383 Brenna
12%
349 Samara
12%
330 Shayla
12%
283 Tatiana
12%
315 Diamond
10%
486 Laney
10%
377 Itzel
9%
321 Marisol
9%
437 Mercedes
9%
171 Alondra
7%
353 Danica
7%
432 Fernanda
7%
255 Guadalupe
7%
444 Tania
7%
446 Taryn
7%
348 Tatum
7%
421 Yesenia
7%
290 Anahi
5%
331 Asia
5%
225 Julissa
5%
370 Kaelyn
5%
493 Kailyn
5%
402 Kaylin
5%
479 Miracle
5%
313 Estrella
3%
405 Imani
3%
442 Jaelyn
3%
496 Maritza
3%
399 Nayeli
3%
302 Paola
3%
487 Shania
3%
439 Dayanara
2%
386 Janiya
2%
462 Janiyah
2%
424 Kimora
2%
367 Sherlyn
2%
461 America
0%
269 Dulce
0%
323 Lizbeth
0%
385 Perla
0%
No matching quizzes found
Score Distribution
Percent of People with Each Score
Percentile by Number Answered
Your Score History
You have not taken this quiz